002700000a2200061000450024501230000030000560012377300290017910aMaking the circle complete : David M. Howard returns to Latin America Mission after a long ministry spanning the globe aVol. 76, Num. 1 (Enero-Marzo, 1996), Páginas 6-100 tLatin America Evangelist